Deutschrap Songs erraten #1 - Statistiken

Allgemein
  • Dieses Quiz wurde 213 mal gespielt
    212 seit der letzten Aktualisierung
  • Das Durchschnittsergebnis liegt bei 68 aus 449
Antwortstatistiken
Antwort % Korrekt
ich
77%
Ich
77%
du
72%
Du
72%
sie
60%
Der
56%
der
56%
die
56%
Das
53%
das
53%
es
50%
ein
47%
bin
44%
für
44%
ist
42%
wie
41%
ihr
38%
mein
38%
so
37%
eine
36%
in
36%
bist
35%
wer
34%
was
33%
an
31%
im
29%
sind
29%
deine
28%
fick
27%
alle
26%
Alle
26%
Meine
26%
meine
26%
Mic
25%
mir
25%
mit
24%
mich
21%
dass
19%
hast
18%
Berlin
17%
Hurensohn
17%
Uns
17%
komm
16%
Rap
16%
seid
16%
gehen
15%
jetzt
15%
keine
15%
Kokain
15%
Nacht
15%
Block
13%
dann
13%
Jahr
13%
kannst
13%
Bushido
12%
eins
12%
Gang
12%
über
12%
drei
11%
Freunde
10%
zum
10%
Zur
10%
zur
10%
Family
9%
mal
9%
meinem
9%
Sonnenbank
9%
yeah
9%
Alkohol
8%
euch
8%
Flavour
8%
Junge
8%
Jungs
8%
King
8%
sagt
8%
Guck
7%
guck
7%
holen
7%
ihm
7%
raus
7%
angezeigt
6%
Bezirk
6%
Boss
6%
Flow
6%
letztes
6%
Leute
6%
Nummer
6%
Ten
6%
wissen
6%
2006
5%
Album
5%
Baba
5%
Bräune
5%
Check
5%
geholt
5%
Get
5%
Goldrapper
5%
Hilfe
5%
Kameraden
5%
Kinder
5%
künstliche
5%
laufen
5%
Licht
5%
Nutten
5%
Plus
5%
Raver
5%
Solarium
5%
Sport
5%
straighter
5%
Tunis
5%
Blaues
4%
BMW
4%
Crew
4%
Eko
4%
Guter
4%
Kerbe
4%
Kids
4%
Massenmord
4%
MTV
4%
Rambo
4%
Saad
4%
schaut
4%
Tempelhof
4%
Aidstest
3%
Black
3%
BSC
3%
Clique
3%
Cordon
3%
Dealer
3%
Deutschrap
3%
Ersguterjunge
3%
Ex
3%
Fresh
3%
Gangster
3%
Gayline
3%
gebt
3%
Goldmine
3%
Haarwachs
3%
Heavy
3%
Hertha
3%
Kong
3%
Kreuzberg
3%
Label
3%
Lieder
3%
Major
3%
Maskenmann
3%
Metal
3%
Mühe
3%
Nikotin
3%
Opfer
3%
Paytime
3%
positiv
3%
Schöneberg
3%
Schutzgeld
3%
Sonny
3%
the
3%
Top
3%
überall
3%
VIVA
3%
wohnen
3%
Abou-Chaker
2%
Aggro
2%
Amstaff
2%
Angriff
2%
Araber
2%
Asphalt
2%
Aspirin
2%
Bangbus
2%
bezahl
2%
Blitzlicht
2%
Burnerbeat
2%
Carlo
2%
Chart
2%
Clip
2%
Cokxxx
2%
Doreen
2%
DVD
2%
Dynamit
2%
Eigentum
2%
Elefant
2%
Endgegner
2%
Extrem
2%
fame
2%
Fame
2%
Faustfick
2%
Germany
2%
Groupie
2%
G-Unit
2%
Hautcreme
2%
hinterher
2%
Hugo
2%
Interpol
2%
Klingelton
2%
live
2%
Lynchmob
2%
Markt
2%
Mastercard
2%
Millionär
2%
Moslem
2%
Neukölln
2%
Newcomer
2%
Niketown
2%
notgeil
2%
Payback
2%
penetrant
2%
Prollschiene
2%
Rauschgift
2%
Schlammschlacht
2%
schwarzer
2%
Studio
2%
Terrorist
2%
TRL
2%
Undercover
2%
Universal
2%
Untertan
2%
VISA
2%
Aggressiv
1%
AirMax
1%
Anführer
1%
Anonym
1%
Anpfiff
1%
Anschlag
1%
Armband
1%
Backstage
1%
Bandit
1%
Bordstein
1%
Bossgang
1%
brandneu
1%
Bravo
1%
Breitling
1%
BullRot
1%
Cowboy
1%
Curse
1%
Dschinghis
1%
Dynastie
1%
Einkauf
1%
Faustschlag
1%
Gangbang
1%
Highlight
1%
Industrie
1%
Khan
1%
Kickbox
1%
Knastmusik
1%
Kriegsfuß
1%
kriminell
1%
Laptop
1%
Late
1%
Lederjacken
1%
Mikrofon
1%
Nemesis
1%
Nescafé
1%
Neunmann
1%
Night
1%
Nightlife
1%
Nikeshox
1%
Nitroglycerin
1%
Oddset
1%
Primetime
1%
Prototyp
1%
Rapgott
1%
Rapsoul
1%
Raptile
1%
Rockstar
1%
Schlägerei
1%
Selbstmord
1%
Showtime
1%
Skyline
1%
Staatsfeind
1%
Sunpoint
1%
Taliban
1%
Tipp
1%
Untergrund
1%
West
1%
Hightech
0%
Keine übereinstimmenden Quizze gefunden
Verteilung der Resultate
Anzahl Personen mit jedem Resultat
Perzentil nach korrekt beantworteten Fragen
Ihre Resultats-Entwicklung
Sie haben dieses Quiz seit der letzten Aktualisierung nicht gespielt